Theologia moralis

Guardat en:
Dades bibliogràfiques
Autor principal: Ligorio, Alfonso María de, Santo (autor)
Format: Llibre
Idioma:llatí
Publicat: Roma Augustae Taurinorum 1888
Edició:1a. ed
Matèries:
Etiquetes: Afegir etiqueta
Sense etiquetes, Sigues el primer a etiquetar aquest registre!

MARC

LEADER 00000cam a2200000 a 4500
001 UCD1913
003 CL-VaPUC
008 160407e18880000it |||||||||||||||||lat|d
082 0 4 |a 241  |b LIG  |2 21 
100 |a Ligorio, Alfonso María de,  |c Santo  |e autor  |9 611672 
245 1 0 |a Theologia moralis 
250 |a 1a. ed 
300 |a v 
942 |c BK 
945 |d 20160407 22:06:00  |a dcastane 
260 |a Roma  |b Augustae Taurinorum  |c 1888 
650 0 |a Teología moral   |9 256617 
583 |a last modification  |c 20160407 22:06:00  |k Rodrigo Vera 
999 |c 363121  |d 363119 
952 |0 0  |1 0  |3 erd  |4 0  |6 241_000000000000000_LIG_1888  |7 0  |8 X  |9 474913  |a BIBTEO  |b BIBTEO  |c TEO_FFR  |h v.1  |i 5220084  |o 241 LIG 1888  |p 5220084  |r 2024-01-18  |w 2019-11-24  |y BK_X  |z Catalogado en:20160407  |k OFM 
952 |0 0  |1 0  |3 erd  |4 0  |6 241_000000000000000_LIG_1888  |7 0  |8 X  |9 474914  |a BIBTEO  |b BIBTEO  |c TEO_FFR  |h t.2  |i 5220092  |o 241 LIG 1888  |p 5220092  |r 2024-01-18  |w 2019-11-24  |y BK_X  |z Catalogado en:20160407  |k OFM